000 00182 a2200097 4500
020 _a8426415016
041 _aspa
100 _aMenendez, Ana
245 _aPor amor al che
942 _cBK
999 _c8627
_d8627